000 00386nab a22001097u 4500
008 130520b2007 xxu||||| |||| 00| 0 spa d
041 _aspa
100 1 _aMangunsong, Frieda
_977240
245 0 0 _aLas mujeres y los niños ante los conflictos sociales y las catástrofes en Indonesia
_cFrieda Mangunsong
773 0 _tConcilium
_gnº323,2007,págs. 137-145
_x0210-1041
_wRev134
942 _cAR
999 _c382912
_d382912